[Event "2BLW 2223 Aachener SV - SG Solingen II"]
[Site "?"]
[Date "2022.11.27"]
[Round "4.1"]
[White "Krastev, Alexander"]
[Black "Seel, Christian"]
[Result "1-0"]
[WhiteElo "2422"]
[BlackElo "2487"]
[PlyCount "125"]
[EventDate "2022.??.??"]

1. e4 e5 2. Nc3 Nc6 3. Bc4 Nf6 4. d3 Bc5 5. f4 O-O 6. Nf3 exf4 7. Bxf4 d6 8. Qd2 Be6 9. Bb3 a5 10. Bg5 h6 11. Bh4 Nd4 12. Bf2 Nxf3+ 13. gxf3 Bxf2+ 14. Qxf2 Nh5 15. O-O-O Qf6 16. a4 c6 17. Rhg1 Nf4 18. Qe3 Rfe8 19. Ne2 Nxe2+ 20. Qxe2 Bxb3 21. cxb3 b5 22. Qd2 bxa4 23. bxa4 Rab8 24. Rg2 Kh7 25. Qxa5 Ra8 26. Qc3 Re5 27. d4 Rea5 28. Qd3 g6 29. b3 c5 30. Rc2 Rb8 31. Rc3 Rb4 32. dxc5 dxc5 33. Qc2 Qf4+ 34. Rd2 Rb7 35. Qd3 Qb8 36. Kc2 Qa7 37. Rc4 Rb4 38. Rxb4 cxb4 39. Qd4 Rc5+ 40. Kb2 Qb6 41. f4 h5 42. h4 Qa5 43. Qd8 Qc7 44. Qxc7 Rxc7 45. Rd4 Rb7 46. Kc2 f6 47. Kd2 g5 48. fxg5 fxg5 49. Rd5 gxh4 50. Rxh5+ Kg6 51. Rxh4 Kg5 52. Rh8 Rd7+ 53. Ke3 Rc7 54. Rd8 Kf6 55. Rd4 Rc3+ 56. Rd3 Rc2 57. Kd4 Ke6 58. Rh3 Kd7 59. Rh7+ Kc6 60. Rh6+ Kc7 61. Rh5 Rd2+ 62. Kc4 Re2 63. Rh4 1-0

[Event "2BLW 2223 Aachener SV - SG Solingen II"]
[Site "?"]
[Date "2022.11.27"]
[Round "4.2"]
[White "(), Thomas"]
[Black "Roseneck, Jonas"]
[Result "0-1"]
[WhiteElo "2435"]
[BlackElo "2402"]
[PlyCount "54"]
[EventDate "2022.??.??"]

1. d4 Nf6 2. c4 e6 3. Nf3 d5 4. g3 dxc4 5. Qa4+ Nbd7 6. Qxc4 a6 7. Bg2 b5 8. Qc6 Rb8 9. Qc2 Bb7 10. Bg5 c5 11. O-O Rc8 12. Nbd2 cxd4 13. Qd3 Bc5 14. Nb3 O-O 15. Rac1 Bb6 16. Rxc8 Qxc8 17. Nbxd4 Qa8 18. Nb3 Rd8 19. Qc2 h6 20. Bxf6 Nxf6 21. Rd1 Rc8 22. Qd3 Be4 23. Ne1 Rd8 24. Bxe4 Nxe4 25. Qc2 Rxd1 26. Qxd1 Nxf2 27. Qd6 Nh3+ 0-1

[Event "2BLW 2223 Aachener SV - SG Solingen II"]
[Site "?"]
[Date "2022.11.27"]
[Round "4.3"]
[White "Gaponenko, Inna"]
[Black "Vandenbussche, Thibaut"]
[Result "0-1"]
[WhiteElo "2339"]
[BlackElo "2430"]
[PlyCount "60"]
[EventDate "2022.??.??"]

1. e4 d6 2. d4 Nf6 3. Nc3 e5 4. Nf3 Nbd7 5. Bc4 Be7 6. a4 O-O 7. O-O exd4 8. Nxd4 Re8 9. Re1 Bf8 10. Bg5 c6 11. a5 Re5 12. f4 Rxa5 13. Rb1 Nb6 14. Bf1 Be7 15. e5 dxe5 16. Nb3 Rd5 17. Nxd5 Nbxd5 18. fxe5 Ng4 19. Bxe7 Qxe7 20. Qd4 Bf5 21. Re2 Qg5 22. Rbe1 h5 23. Nc5 Nf4 24. Rd2 b6 25. Ne4 Bxe4 26. Qxe4 Re8 27. Qxc6 Rxe5 28. Rxe5 Qxe5 29. Rd8+ Kh7 30. Bd3+ Nxd3 0-1

[Event "2BLW 2223 Aachener SV - SG Solingen II"]
[Site "?"]
[Date "2022.11.27"]
[Round "4.4"]
[White "Lemmers, Oscar"]
[Black "Schlecht, Daniel"]
[Result "1/2-1/2"]
[WhiteElo "2353"]
[BlackElo "2366"]
[PlyCount "24"]
[EventDate "2022.??.??"]

1. e4 c5 2. c3 Nf6 3. e5 Nd5 4. d4 cxd4 5. Nf3 e6 6. cxd4 d6 7. Bc4 Be7 8. O-O O-O 9. Re1 Nc6 10. exd6 Bxd6 11. Nc3 Nce7 12. Bxd5 Nxd5 1/2-1/2

[Event "2BLW 2223 Aachener SV - SG Solingen II"]
[Site "?"]
[Date "2022.11.27"]
[Round "4.5"]
[White "Schaefer, Markus"]
[Black "Piceu, Tom"]
[Result "1/2-1/2"]
[WhiteElo "2353"]
[BlackElo "2330"]
[PlyCount "80"]
[EventDate "2022.??.??"]

1. e4 c5 2. Nf3 d6 3. d4 cxd4 4. Nxd4 Nf6 5. Nc3 a6 6. Be2 e5 7. Nb3 Be7 8. O-O O-O 9. a4 Be6 10. f4 exf4 11. Bxf4 Nc6 12. Kh1 d5 13. exd5 Nxd5 14. Nxd5 Qxd5 15. Qxd5 Bxd5 16. Rad1 Be4 17. Bd3 Bxd3 18. Rxd3 Rad8 19. Rfd1 Rxd3 20. Rxd3 Nb4 21. Rd2 g5 22. Be3 Rd8 23. Na5 Rxd2 24. Bxd2 Nxc2 25. Nxb7 f5 26. Na5 Bb4 27. Nc4 Bxd2 28. Nxd2 Kf7 29. Kg1 Ke6 30. Kf2 Kd5 31. h3 h6 32. Ke2 Kc5 33. g3 Kb4 34. Kd3 Na1 35. Nc4 Nb3 36. Ne3 Nc5+ 37. Kc2 f4 38. gxf4 gxf4 39. Nd5+ Kxa4 40. Nxf4 Kb4 1/2-1/2

[Event "2BLW 2223 Aachener SV - SG Solingen II"]
[Site "?"]
[Date "2022.11.27"]
[Round "4.6"]
[White "Klein, Felix"]
[Black "Zolfagharian, Kevin"]
[Result "1-0"]
[WhiteElo "2271"]
[BlackElo "2249"]
[PlyCount "97"]
[EventDate "2022.??.??"]

1. e4 c5 2. Nf3 Nc6 3. d4 cxd4 4. Nxd4 Nf6 5. Nc3 d6 6. Bg5 e6 7. Qd2 a6 8. O-O-O Bd7 9. Kb1 Be7 10. f3 Nxd4 11. Qxd4 Qc7 12. Qd2 b5 13. g4 h5 14. gxh5 Nxh5 15. Bd3 Bxg5 16. Qxg5 Qc5 17. Qd2 b4 18. Ne2 e5 19. f4 Bg4 20. fxe5 dxe5 21. Qg5 Be6 22. Ng3 f6 23. Qg6+ Bf7 24. Qg4 g6 25. Nxh5 Rxh5 26. Be2 Kf8 27. h4 Rc8 28. Rd2 Rc6 29. Bd1 g5 30. Rd8+ Kg7 31. Qg2 Qa5 32. Rd5 Bxd5 33. exd5 Rxh4 34. Rxh4 Rd6 35. Bf3 b3 36. Rh1 Qxa2+ 37. Kc1 Qa1+ 38. Kd2 Qxb2 39. Be4 bxc2 40. Rc1 Qd4+ 41. Ke2 Rb6 42. Qg4 Qc4+ 43. Kf2 Qc5+ 44. Kg2 Rb1 45. Qd7+ Kf8 46. Bg6 Qe7 47. Qh3 Qd8 48. Qh8+ Ke7 49. d6+ 1-0

[Event "2BLW 2223 Aachener SV - SG Solingen II"]
[Site "?"]
[Date "2022.11.27"]
[Round "4.8"]
[White "Lamby, Philipp"]
[Black "Michalczak, Thomas"]
[Result "1-0"]
[WhiteElo "2164"]
[BlackElo "2267"]
[PlyCount "71"]
[EventDate "2022.??.??"]

1. d4 Nf6 2. c4 g6 3. Nc3 Bg7 4. e4 d6 5. h3 Nbd7 6. Nf3 e5 7. d5 Nc5 8. Qc2 a5 9. Be2 O-O 10. Be3 Nh5 11. g3 f5 12. Bxc5 dxc5 13. O-O-O Ra6 14. Nh4 f4 15. Bxh5 fxg3 16. fxg3 Qg5+ 17. Kb1 Qxg3 18. Nxg6 hxg6 19. Rhg1 Qxh3 20. Bxg6 Bg4 21. Bh7+ Kh8 22. Rde1 Rh6 23. Bf5 Bxf5 24. exf5 Rxf5 25. Ne4 Qh4 26. Qg2 Rf7 27. Rh1 Qe7 28. Qg6 Rh4 29. Ng5 Rff4 30. Rxh4+ Rxh4 31. Rf1 e4 32. Rf7 Rh1+ 33. Kc2 Rh2+ 34. Kd1 Rh1+ 35. Ke2 Rh2+ 36. Kf1 1-0

[Event "2BLW 2223 SG Porz - SC Siegburg"]
[Site "?"]
[Date "2022.11.27"]
[Round "4.1"]
[White "Kovchan, Alexander"]
[Black "Lutz, Christopher"]
[Result "1/2-1/2"]
[WhiteElo "2475"]
[BlackElo "2529"]
[PlyCount "30"]
[EventDate "2022.??.??"]

1. e4 c5 2. Nf3 e6 3. d4 cxd4 4. Nxd4 Nc6 5. Nc3 Qc7 6. Ndb5 Qb8 7. g3 a6 8. Nd4 d6 9. Nxc6 bxc6 10. Bg2 Bb7 11. O-O Nf6 12. f4 Be7 13. f5 e5 14. g4 h6 15. Be3 Qc7 1/2-1/2

[Event "2BLW 2223 SG Porz - SC Siegburg"]
[Site "?"]
[Date "2022.11.27"]
[Round "4.2"]
[White "Braun, Christian"]
[Black "Baklan, Vladimir"]
[Result "1/2-1/2"]
[WhiteElo "2441"]
[BlackElo "2549"]
[PlyCount "27"]
[EventDate "2022.??.??"]

1. e4 e6 2. d3 d5 3. Nd2 Nf6 4. Ngf3 Nc6 5. Be2 Bd6 6. O-O O-O 7. c3 a5 8. a4 h6 9. Re1 Re8 10. Bf1 e5 11. exd5 Nxd5 12. Nc4 Bg4 13. Be2 Rb8 14. Qb3 1/2-1/2

[Event "2BLW 2223 SG Porz - SC Siegburg"]
[Site "?"]
[Date "2022.11.27"]
[Round "4.3"]
[White "Hoffmann, Michael"]
[Black "Rotstein, Arkadij"]
[Result "1/2-1/2"]
[WhiteElo "2416"]
[BlackElo "2462"]
[PlyCount "35"]
[EventDate "2022.??.??"]

1. Nf3 g6 2. e4 Bg7 3. d4 d6 4. Bc4 e6 5. O-O Ne7 6. Re1 O-O 7. Nbd2 Nd7 8. Bb3 b6 9. c3 Bb7 10. Nf1 Nf6 11. Ng3 c5 12. Bf4 cxd4 13. cxd4 Nc6 14. Rc1 Na5 15. Bc2 Rc8 16. b3 Nc6 17. Bb1 Re8 18. Be3 1/2-1/2

[Event "2BLW 2223 SG Porz - SC Siegburg"]
[Site "?"]
[Date "2022.11.27"]
[Round "4.4"]
[White "Suvorov, Alexander"]
[Black "Omelja, Artem"]
[Result "1/2-1/2"]
[WhiteElo "2343"]
[BlackElo "2446"]
[PlyCount "41"]
[EventDate "2022.??.??"]

1. d4 Nf6 2. c4 e6 3. Nf3 d5 4. Nc3 Be7 5. Bf4 O-O 6. e3 c5 7. dxc5 Bxc5 8. a3 Nc6 9. Qc2 Qa5 10. Rd1 Ne4 11. cxd5 Nxc3 12. bxc3 exd5 13. Bd3 h6 14. O-O Be7 15. a4 Bf6 16. Nd4 Ne5 17. Be2 Bd7 18. Bb5 Bg4 19. Be2 Bd7 20. Bb5 Bg4 21. Be2 1/2-1/2

[Event "2BLW 2223 SG Porz - SC Siegburg"]
[Site "?"]
[Date "2022.11.27"]
[Round "4.5"]
[White "Zavgorodniy, Sergiy"]
[Black "Suvorov, Luca"]
[Result "1-0"]
[WhiteElo "2409"]
[BlackElo "2314"]
[PlyCount "123"]
[EventDate "2022.??.??"]

1. e4 e5 2. Nf3 Nc6 3. Be2 Nf6 4. d3 d5 5. exd5 Nxd5 6. O-O Be7 7. c3 O-O 8. Re1 Re8 9. Bf1 Bf8 10. Nbd2 Nb6 11. b4 a6 12. Rb1 Bf5 13. Ne4 h6 14. a4 Nd5 15. Bd2 b5 16. Ra1 Nb6 17. axb5 axb5 18. Rxa8 Qxa8 19. Nh4 Be6 20. Qf3 Qd8 21. Nf5 Bxf5 22. Qxf5 Re6 23. g3 Ne7 24. Qf3 Ned5 25. h4 c6 26. Bh3 Re8 27. Ra1 Na4 28. Kh1 Qe7 29. Re1 Kh8 30. d4 Qc7 31. Nc5 Nxc5 32. dxc5 Kg8 33. Qf5 Re7 34. Bg2 g6 35. Qc2 Qd7 36. c4 Nc7 37. Be3 bxc4 38. Qxc4 Qe8 39. h5 Kh7 40. hxg6+ fxg6 41. Be4 Nb5 42. Kg2 Bg7 43. Ra1 Qc8 44. Qd3 Re6 45. Ra5 Nc7 46. Ra1 Nb5 47. Qc4 Rf6 48. Ra2 Qb7 49. Rd2 Nd4 50. Bxd4 exd4 51. Rxd4 Qe7 52. Qd3 Qf7 53. f4 Qa2+ 54. Kh3 Qe6+ 55. Kh2 Qa2+ 56. Kh3 Qe6+ 57. Kg2 Qa2+ 58. Qd2 Qe6 59. Bf3 Bf8 60. Rd7+ Kg8 61. b5 Bxc5 62. bxc6 1-0

[Event "2BLW 2223 SG Porz - SC Siegburg"]
[Site "?"]
[Date "2022.11.27"]
[Round "4.6"]
[White "Korotkjevich, Stanislav"]
[Black "Roshka, Yevgeniy"]
[Result "1/2-1/2"]
[WhiteElo "2364"]
[BlackElo "2510"]
[PlyCount "130"]
[EventDate "2022.??.??"]

1. d4 Nf6 2. Nf3 e6 3. c4 Bb4+ 4. Nbd2 O-O 5. e3 b6 6. Be2 Bb7 7. O-O d5 8. a3 Be7 9. b4 c5 10. bxc5 bxc5 11. Rb1 Qc7 12. Qb3 Ba6 13. Bb2 Nbd7 14. Rfe1 Rfb8 15. Qa4 Rb6 16. Bc3 Rxb1 17. Rxb1 Qc8 18. Ne5 Nb6 19. Qb3 Rb8 20. Bf1 Bd6 21. Qa2 Qc7 22. g3 cxd4 23. exd4 Bxe5 24. dxe5 Nfd7 25. Bd4 Nxc4 26. Rxb8+ Nxb8 27. Nxc4 dxc4 28. Bc3 Nd7 29. Qd2 h6 30. Qd4 Nb6 31. Ba5 Qc6 32. Bg2 Qc8 33. Bxb6 axb6 34. Qxb6 c3 35. Be4 g6 36. h4 Kg7 37. Qe3 Qc7 38. Bc2 Bb7 39. f3 Qc4 40. Qf4 Qc5+ 41. Kg2 Qd5 42. Qe3 Qc4 43. Kf2 Ba6 44. g4 Qf1+ 45. Kg3 Qa1 46. a4 Kg8 47. h5 g5 48. Be4 Qh1 49. Qb6 Qe1+ 50. Qf2 Qd2 51. a5 Bd3 52. Bxd3 Qxd3 53. Qc5 c2 54. a6 Qxa6 55. Qxc2 Qb6 56. Qf2 Qb4 57. Qe3 Qb1 58. Kg2 Qc2+ 59. Kg3 Qd1 60. f4 gxf4+ 61. Qxf4 Qg1+ 62. Kh3 Qh1+ 63. Kg3 Qg1+ 64. Kh3 Qh1+ 65. Kg3 Qg1+ 1/2-1/2

[Event "2BLW 2223 SG Porz - SC Siegburg"]
[Site "?"]
[Date "2022.11.27"]
[Round "4.7"]
[White "Albrecht, Oliver"]
[Black "Pauly, Carlo"]
[Result "1-0"]
[WhiteElo "2172"]
[BlackElo "2305"]
[PlyCount "70"]
[EventDate "2022.??.??"]

1. Nf3 Nf6 2. c4 g6 3. g3 Bg7 4. Bg2 O-O 5. d4 d6 6. Nc3 Nc6 7. O-O a6 8. Qd3 e5 9. dxe5 dxe5 10. Qxd8 Rxd8 11. Bg5 Be6 12. Nd2 Nd4 13. Rfd1 c6 14. e3 Nc2 15. Rac1 Nb4 16. b3 h6 17. Bxf6 Bxf6 18. Nf3 Bf5 19. Ne1 a5 20. e4 Be6 21. a4 Na6 22. Nd3 Rd4 23. Ne2 Rd7 24. h4 Rad8 25. Rc3 Nb4 26. Nec1 g5 27. Bf1 gxh4 28. gxh4 Bxh4 29. Re1 f6 30. Nc5 Rg7+ 31. Bg2 Bc8 32. Kf1 Rd2 33. N5d3 Nc2 34. Re2 Rd1+ 35. Ne1 Nxe1 1-0

[Event "2BLW 2223 SG Porz - SC Siegburg"]
[Site "?"]
[Date "2022.11.27"]
[Round "4.8"]
[White "Marcziter, Dmitrii"]
[Black "Dzierzenga, Stefan"]
[Result "0-1"]
[WhiteElo "2256"]
[BlackElo "2191"]
[PlyCount "143"]
[EventDate "2022.??.??"]

1. d4 Nf6 2. c4 c5 3. d5 b5 4. cxb5 a6 5. b6 e6 6. Nc3 exd5 7. Nxd5 Nxd5 8. Qxd5 Nc6 9. Nf3 Rb8 10. e4 Be7 11. Bc4 O-O 12. O-O Rxb6 13. Qh5 d6 14. b3 Bf6 15. Bg5 Be6 16. Rac1 h6 17. Be3 Bxc4 18. Rxc4 Qe7 19. Rd1 Qe6 20. Qd5 Qxd5 21. Rxd5 Na5 22. Ra4 Nb7 23. Nd2 Re8 24. Nc4 Rc6 25. f3 Re6 26. Kf1 Be7 27. Ke2 Bf8 28. Kd3 Be7 29. f4 Bf8 30. f5 Re8 31. Bf4 f6 32. g4 Kf7 33. h4 Be7 34. Ke3 Rh8 35. Kf3 Re8 36. Kg3 Rh8 37. Nd2 Rhc8 38. Rc4 a5 39. Ra4 Ra8 40. Nc4 Rca6 41. Bd2 Bd8 42. Bc3 Be7 43. Kf3 R8a7 44. Be1 Ra8 45. Bg3 Ke8 46. Nb2 Nd8 47. Nc4 Nb7 48. Rd1 Rd8 49. Ne3 Rc8 50. Be1 Rca8 51. Nd5 Rc8 52. Bc3 Kf7 53. Rg1 Bd8 54. Bd2 Rac6 55. Rc4 Be7 56. Rg2 Ra8 57. a4 Rb8 58. Nc3 Rd8 59. Nd5 Rb8 60. g5 hxg5 61. hxg5 fxg5 62. Nxe7 Kxe7 63. Rxg5 Kf7 64. Rc1 Rb6 65. Rcg1 Rxb3+ 66. Kf4 Rg8 67. Rg6 c4 68. f6 Nc5 69. Rxg7+ Rxg7 70. fxg7 Ne6+ 71. Kg4 c3 72. Bf4 0-1

[Event "2BLW 2223 Düsseldorfer SK - SV Mülhei"]
[Site "?"]
[Date "2022.11.27"]
[Round "4.1"]
[White "Buckels, Valentin"]
[Black "Berelowitsch, Alexander"]
[Result "1/2-1/2"]
[WhiteElo "2449"]
[BlackElo "2497"]
[PlyCount "57"]
[EventDate "2022.??.??"]

1. d4 d5 2. Bf4 Nf6 3. e3 g6 4. Nf3 Bg7 5. c4 c5 6. Nc3 cxd4 7. Nxd4 a6 8. Qa4+ Nbd7 9. cxd5 O-O 10. Qd1 Nxd5 11. Nxd5 e5 12. Bc4 exf4 13. Nxf4 Ne5 14. Be2 Qa5+ 15. Qd2 Qxd2+ 16. Kxd2 Rd8 17. Ke1 Nc6 18. Nxc6 bxc6 19. Rd1 Rxd1+ 20. Kxd1 Bxb2 21. Bc4 Be5 22. Nd3 Bd6 23. Ke2 Rb8 24. Rc1 a5 25. Bb3 Rb6 26. Nc5 Rb5 27. Nd3 Rb6 28. Nc5 Rb5 29. Nd3 1/2-1/2

[Event "2BLW 2223 Düsseldorfer SK - SV Mülhei"]
[Site "?"]
[Date "2022.11.27"]
[Round "4.2"]
[White "Orlov, Andrey"]
[Black "Lenaerts, Lennert"]
[Result "1-0"]
[WhiteElo "2512"]
[BlackElo "2367"]
[PlyCount "53"]
[EventDate "2022.??.??"]

1. e4 e5 2. Nf3 Nc6 3. Nc3 Nf6 4. h3 d5 5. exd5 Nxd5 6. Bb5 Nxc3 7. bxc3 Bd6 8. O-O O-O 9. Re1 Bd7 10. Rb1 Rb8 11. d4 exd4 12. cxd4 Ne7 13. Bc4 Bf5 14. Ne5 Ng6 15. Qf3 Bxe5 16. Qxf5 Bxd4 17. Ba3 c5 18. c3 Bxc3 19. Red1 Qh4 20. Qxc5 b6 21. Qb5 Bd4 22. Qf5 Ne5 23. Bxf8 Nxc4 24. Be7 Bxf2+ 25. Qxf2 Qxe7 26. Qd4 b5 27. Qxc4 1-0

[Event "2BLW 2223 Düsseldorfer SK - SV Mülhei"]
[Site "?"]
[Date "2022.11.27"]
[Round "4.3"]
[White "Van Osch, Mees"]
[Black "Levin, Felix"]
[Result "1-0"]
[WhiteElo "2350"]
[BlackElo "2455"]
[PlyCount "123"]
[EventDate "2022.??.??"]

1. e4 c6 2. Nc3 d5 3. Nf3 g6 4. d4 Bg7 5. h3 dxe4 6. Nxe4 Nf6 7. Nxf6+ exf6 8. Bd3 O-O 9. O-O a5 10. c4 Na6 11. Re1 Nb4 12. Bb1 b5 13. a3 Na6 14. Be4 bxc4 15. Bxc6 Rb8 16. Qc2 Bd7 17. Bxd7 Qxd7 18. Qxc4 Nc7 19. Bf4 Rfc8 20. Qe2 Rb7 21. Bxc7 Rbxc7 22. Qd2 a4 23. Rac1 Bf8 24. Rxc7 Qxc7 25. Nh2 Qc2 26. Qxc2 Rxc2 27. Rb1 Bh6 28. Ng4 Rc1+ 29. Rxc1 Bxc1 30. Nxf6+ Kg7 31. Ne8+ Kf8 32. Nd6 Bxb2 33. Nb5 Ke7 34. d5 Kf6 35. Kf1 Ke5 36. d6 Ke6 37. Ke2 Bf6 38. Kd3 Kd5 39. Nc3+ Kc6 40. Kc4 Bd8 41. Nxa4 Kxd6 42. Nc5 Bb6 43. Nd3 h5 44. a4 g5 45. Kb5 Bd4 46. a5 h4 47. a6 f6 48. f3 Be3 49. Nb2 Ba7 50. Nc4+ Kc7 51. Nb2 Kd6 52. Na4 Kc7 53. Nb2 Kd6 54. Nc4+ Kc7 55. Nd2 f5 56. Nc4 Bd4 57. Na5 Bg1 58. Nb7 Ba7 59. Kc4 Kc6 60. Nd8+ Kd6 61. Kd3 Kd7 62. Nf7 1-0

[Event "2BLW 2223 Düsseldorfer SK - SV Mülhei"]
[Site "?"]
[Date "2022.11.27"]
[Round "4.4"]
[White "Andersson, Ulf"]
[Black "Van Meegen, Ruud"]
[Result "1-0"]
[WhiteElo "2517"]
[BlackElo "2282"]
[PlyCount "103"]
[EventDate "2022.??.??"]

1. Nf3 d5 2. d4 Nf6 3. c4 e6 4. Nc3 Bb4 5. Qa4+ Nc6 6. e3 O-O 7. Bd2 Bd7 8. Qc2 Bd6 9. c5 Be7 10. a3 a5 11. Bd3 b6 12. cxb6 cxb6 13. O-O Qb8 14. Rac1 Rc8 15. h3 b5 16. Bxb5 Nb4 17. Qa4 Bxb5 18. Qxb5 Qxb5 19. Nxb5 Nd3 20. Rxc8+ Rxc8 21. Rb1 Ne4 22. Bxa5 Rb8 23. a4 Ra8 24. Be1 Rxa4 25. Nc3 Nxc3 26. Bxc3 f6 27. Kf1 Kf7 28. Ke2 Nb4 29. Ne1 Nc6 30. Kd3 Na7 31. Nc2 Nb5 32. f3 f5 33. e4 dxe4+ 34. fxe4 fxe4+ 35. Kxe4 e5 36. Kxe5 Rc4 37. Rf1+ Bf6+ 38. Kd5 Rc8 39. Rf3 h5 40. Ke4 g5 41. Kd3 Kg6 42. Rf1 Rb8 43. Ra1 g4 44. hxg4 hxg4 45. Ra5 Nc7 46. Ne3 g3 47. d5 Bg5 48. Be5 Ne6 49. Ra6 Bxe3 50. Rxe6+ Kf5 51. Kxe3 Rxb2 52. Re8 1-0

[Event "2BLW 2223 Düsseldorfer SK - SV Mülhei"]
[Site "?"]
[Date "2022.11.27"]
[Round "4.5"]
[White "Stillger, Bernhard"]
[Black "De Gleria, Francesco"]
[Result "1/2-1/2"]
[WhiteElo "2270"]
[BlackElo "2371"]
[PlyCount "93"]
[EventDate "2022.??.??"]

1. d4 d5 2. c4 e6 3. Nf3 Nf6 4. Nc3 c6 5. cxd5 exd5 6. Bg5 h6 7. Bh4 Bf5 8. e3 Nbd7 9. Bd3 Bxd3 10. Qxd3 Bd6 11. O-O O-O 12. Rab1 Qe7 13. Rfc1 Rfe8 14. Ne2 a5 15. Bg3 Ne4 16. Bxd6 Nxd6 17. Ng3 g6 18. Nd2 a4 19. Re1 h5 20. h3 h4 21. Ne2 Nf6 22. Nc3 Nfe4 23. Ndxe4 Nxe4 24. Nxe4 Qxe4 25. Qxe4 dxe4 26. Rec1 Ra5 27. Rc4 Rd8 28. Rbc1 Rb5 29. R1c2 Ra8 30. f3 exf3 31. gxf3 f6 32. e4 Kf7 33. Kf2 Ke6 34. Ke3 a3 35. b3 Rxb3+ 36. axb3 a2 37. d5+ Kd6 38. Rxa2 Rxa2 39. Rb4 b5 40. dxc6 Kxc6 41. e5 fxe5 42. Rxh4 Kd5 43. Rb4 Kc5 44. Rg4 Ra6 45. h4 Kd5 46. Rb4 Kc5 47. Rg4 1/2-1/2

[Event "2BLW 2223 Düsseldorfer SK - SV Mülhei"]
[Site "?"]
[Date "2022.11.27"]
[Round "4.6"]
[White "Agrest, Inna"]
[Black "Hoenig, Alexander"]
[Result "1-0"]
[WhiteElo "2257"]
[BlackElo "2209"]
[PlyCount "59"]
[EventDate "2022.??.??"]

1. e4 c6 2. d4 d5 3. f3 e6 4. Nc3 Bb4 5. Bd2 Nf6 6. Bd3 b6 7. Qe2 O-O 8. a3 Be7 9. f4 c5 10. e5 Ne8 11. b3 Nc6 12. Nf3 Nxd4 13. Nxd4 cxd4 14. Ne4 Bd7 15. Ng5 g6 16. h4 h5 17. g4 Ng7 18. gxh5 Nxh5 19. Rg1 Ng7 20. h5 Be8 21. O-O-O Bxg5 22. Rxg5 Nf5 23. Bxf5 exf5 24. e6 fxe6 25. Qxe6+ Kg7 26. Rxg6+ Bxg6 27. Qxg6+ Kh8 28. Qh6+ Kg8 29. Rg1+ Kf7 30. Rg7+ 1-0

[Event "2BLW 2223 Düsseldorfer SK - SV Mülhei"]
[Site "?"]
[Date "2022.11.27"]
[Round "4.7"]
[White "Baltic, Fatih"]
[Black "Fischdick, Gisela"]
[Result "1-0"]
[WhiteElo "2277"]
[BlackElo "2213"]
[PlyCount "71"]
[EventDate "2022.??.??"]

1. Nf3 d5 2. g3 Nf6 3. Bg2 c6 4. O-O Bg4 5. Ne5 Bf5 6. d3 e6 7. Nd2 Nbd7 8. Nxd7 Qxd7 9. e4 dxe4 10. dxe4 Bg6 11. h3 Be7 12. Qe2 O-O 13. Nc4 Rfd8 14. f4 Bxe4 15. Ne5 Qd4+ 16. Be3 Qxb2 17. Rab1 Qxc2 18. Qxc2 Bxc2 19. Rxb7 Bf8 20. Rxf7 Nd5 21. Bf2 a6 22. Rb7 Rdb8 23. Rxb8 Rxb8 24. Nxc6 Rb2 25. Nd4 Rxa2 26. f5 Nf6 27. fxe6 Ba4 28. Rc1 Be8 29. Bf3 a5 30. Rc8 Be7 31. Nf5 Kf8 32. Rc7 Ra3 33. Kg2 Rxf3 34. Kxf3 Nd5 35. Rxe7 Nxe7 36. Bc5 1-0

[Event "2BLW 2223 Düsseldorfer SK - SV Mülhei"]
[Site "?"]
[Date "2022.11.27"]
[Round "4.8"]
[White "von Buenau, Heinrich"]
[Black "Albers, Sasa"]
[Result "1/2-1/2"]
[WhiteElo "2204"]
[BlackElo "2117"]
[PlyCount "117"]
[EventDate "2022.??.??"]

1. d4 Nf6 2. Nf3 e6 3. g3 b6 4. Bg2 Bb7 5. O-O Be7 6. c4 O-O 7. Nc3 Ne4 8. Bd2 d5 9. Ne1 Nxd2 10. Qxd2 c6 11. cxd5 cxd5 12. Nc2 Nc6 13. Rac1 a5 14. Rfd1 a4 15. e4 Nb4 16. a3 Nxc2 17. Qxc2 dxe4 18. Bxe4 Bxe4 19. Qxe4 Bg5 20. Rc2 Bf6 21. d5 Bxc3 22. Rxc3 Qd6 23. Rc6 exd5 24. Qxd5 Qxd5 25. Rxd5 Ra5 26. Rdd6 g6 27. Rxb6 Rc8 28. Rd2 Rc4 29. Kf1 Re5 30. Rbd6 Rb5 31. Ke2 Rc1 32. R6d4 Rb1 33. Rb4 Ra5 34. Kd3 g5 35. g4 Rf1 36. Rd4 Kg7 37. Kc4 Ra8 38. Rd5 h6 39. Kb4 Rh1 40. f3 Rf1 41. Ra5 Rc8 42. Rf5 Ra8 43. Rd7 Rf2 44. Rfxf7+ Kg8 45. Rg7+ Kh8 46. Rh7+ Kg8 47. Rdg7+ Kf8 48. Ra7 Rxb2+ 49. Kxa4 Kg8 50. Rxa8+ Kxh7 51. Rc8 Kg7 52. Rc3 Kf6 53. Rb3 Rxh2 54. Ka5 h5 55. gxh5 Rxh5 56. Kb6 Rh3 57. Rc3 g4 58. Rc6+ Kg5 59. fxg4 1/2-1/2

[Event "2BLW 2223 SV Koblenz - SV Oberursel"]
[Site "?"]
[Date "2022.11.27"]
[Round "4.1"]
[White "Heinz, Axel"]
[Black "Balog, Imre"]
[Result "1/2-1/2"]
[WhiteElo "2433"]
[BlackElo "2596"]
[PlyCount "57"]
[EventDate "2022.??.??"]

1. e4 g6 2. d4 Bg7 3. Nc3 d6 4. Nf3 Nf6 5. Be2 O-O 6. O-O c6 7. a4 a5 8. Be3 Na6 9. Qd2 Nb4 10. Rfd1 Qc7 11. h3 Bd7 12. Bf4 Rad8 13. Rac1 Bc8 14. Bc4 Qb6 15. Bb3 d5 16. e5 Ne8 17. Ne2 Nc7 18. Be3 Ne6 19. c4 Qa6 20. cxd5 Nxd5 21. Nc3 Nxe3 22. Qxe3 Qb6 23. Ne4 Nc7 24. Nc5 Nd5 25. Qg5 f6 26. Qh4 Bf5 27. Re1 Qb4 28. Rc4 Qb6 29. Rcc1 1/2-1/2

[Event "2BLW 2223 SV Koblenz - SV Oberursel"]
[Site "?"]
[Date "2022.11.27"]
[Round "4.2"]
[White "Sulskis, Sarunas"]
[Black "Margolin, Boris"]
[Result "1-0"]
[WhiteElo "2482"]
[BlackElo "2387"]
[PlyCount "77"]
[EventDate "2022.??.??"]

1. e4 g6 2. d4 Bg7 3. c4 d6 4. h3 e5 5. dxe5 dxe5 6. Qxd8+ Kxd8 7. Nc3 Be6 8. f4 Nc6 9. Nf3 Nf6 10. Be3 Kc8 11. O-O-O Bh6 12. g3 Nh5 13. Rg1 exf4 14. Bd2 g5 15. gxf4 gxf4 16. Be2 Nf6 17. Nd5 Nxe4 18. Bxf4 Bxf4+ 19. Nxf4 Nf2 20. Rd2 Nxh3 21. Nxh3 Bxh3 22. Ng5 Bd7 23. Nxf7 Rf8 24. Rg7 Bf5 25. Bf3 a5 26. Bxc6 bxc6 27. Rf2 Kb7 28. Rxf5 Kb6 29. Rxh7 Rae8 30. Rh2 Re1+ 31. Kc2 Rfe8 32. Rd2 Ra1 33. a3 Rae1 34. a4 R8e4 35. b3 R4e3 36. Ng5 Rg1 37. Nf3 Rf1 38. Nd4 Rh1 39. Rf6 1-0

[Event "2BLW 2223 SV Koblenz - SV Oberursel"]
[Site "?"]
[Date "2022.11.27"]
[Round "4.3"]
[White "Dubiel, Jacek"]
[Black "Fritsche, Lutz"]
[Result "1/2-1/2"]
[WhiteElo "2379"]
[BlackElo "2310"]
[PlyCount "73"]
[EventDate "2022.??.??"]

1. e4 d6 2. d4 g6 3. Nc3 Bg7 4. Be3 a6 5. f4 b5 6. Bd3 Nd7 7. e5 Nh6 8. Nf3 Bb7 9. Be4 Qc8 10. Bxb7 Qxb7 11. Qd3 Nf5 12. Bf2 c5 13. exd6 cxd4 14. Ne4 O-O 15. O-O Qd5 16. dxe7 Rfe8 17. Rfe1 Rxe7 18. Ng3 Rxe1+ 19. Rxe1 Nxg3 20. hxg3 Nc5 21. Qa3 Rc8 22. Rd1 Ne4 23. c3 Nxf2 24. Kxf2 d3 25. Qb3 Qc5+ 26. Kf1 Rd8 27. Rd2 a5 28. a3 Qc4 29. Qd1 b4 30. axb4 axb4 31. cxb4 Bxb2 32. Rxb2 d2+ 33. Kf2 Qc1 34. Qxd2 Rxd2+ 35. Rxd2 Qb1 36. Rd4 Kf8 37. g4 1/2-1/2

[Event "2BLW 2223 SV Koblenz - SV Oberursel"]
[Site "?"]
[Date "2022.11.27"]
[Round "4.4"]
[White "Hammes, Michael"]
[Black "Akbarinia, Sayed Arash"]
[Result "1-0"]
[WhiteElo "2342"]
[BlackElo "2386"]
[PlyCount "139"]
[EventDate "2022.??.??"]

1. d4 d5 2. c4 e6 3. Nc3 Be7 4. Nf3 Nf6 5. Bg5 h6 6. Bh4 Nbd7 7. e3 O-O 8. cxd5 Nxd5 9. Bxe7 Qxe7 10. Be2 Nxc3 11. bxc3 e5 12. O-O b6 13. a4 a5 14. Bb5 Bb7 15. Bxd7 Bxf3 16. Qxf3 Qxd7 17. Rfd1 Qe6 18. Qe4 Rae8 19. d5 Qd6 20. c4 f5 21. Qd3 f4 22. e4 f3 23. g3 Qd7 24. Re1 Rf6 25. Re3 Ref8 26. Qf1 h5 27. h3 h4 28. g4 Rf4 29. Kh2 Qd6 30. Qd3 Kh8 31. Qa3 Qd7 32. Rc1 R8f6 33. Rce1 Kh7 34. Rc1 Rf7 35. Rce1 Qd8 36. c5 Qg5 37. c6 R4f6 38. Qc1 Rg6 39. Rg1 Rf4 40. Qa3 Qd8 41. Qd3 Qf8 42. Rc1 Rgf6 43. Qc3 Qe7 44. Rd1 Kh8 45. Rdd3 Qd6 46. Qa1 Kg8 47. Qd1 Kf8 48. g5 Rg6 49. Rxf3 Rxg5 50. Rxf4+ exf4 51. Qf3 Ke7 52. Rd1 Kf6 53. Rg1 Rxg1 54. Kxg1 Ke5 55. Qg4 g5 56. Qd7 Qa3 57. Qxc7+ Kxe4 58. Qd7 Qc1+ 59. Kh2 Qf1 60. Qg4 Qc1 61. Qxg5 Kf3 62. Qg2+ Ke2 63. Qe4+ Kxf2 64. Qg2+ Ke3 65. Qg1+ Qxg1+ 66. Kxg1 Ke2 67. c7 f3 68. c8=Q f2+ 69. Kh2 f1=Q 70. Qc4+ 1-0